书目信息 |
| 题名: |
新编大学德语阅读训练
|
|
| 作者: | 朱建华 主编 | |
| 分册: | 1~2 | |
| 出版信息: | 北京 外语教学与研究出版社 2004 |
|
| 页数: | 124页 | |
| 开本: | 29cm | |
| 丛书名: | ||
| 单 册: | ||
| 中图分类: | H339.4 | |
| 科图分类: | ||
| 主题词: | 德语--阅读教学--高等教育--教学参考资料 , 德语 , 阅读教学 | |
| 电子资源: | ||
| ISBN: | 7-5600-4376-3 | |
| 000 | 01034nam0 2200289 450 | |
| 001 | 002860055 | |
| 005 | 20070805102518.50 | |
| 010 | @a7-5600-4376-3@dCNY9.90 | |
| 035 | @a002860055 | |
| 100 | @a20050204d2004 em y0chiy0110 ea | |
| 101 | 0 | @achi@ager |
| 102 | @aCN@b110000 | |
| 105 | @aa z 000yy | |
| 106 | @ar | |
| 200 | 1 | @a新编大学德语阅读训练@Axin bian da xue de yu yue du xun lian@h1~2@f朱建华主编@Fzhu jian hua zhu bian |
| 210 | @a北京@c外语教学与研究出版社@d2004 | |
| 215 | @a124页@c图@d29cm | |
| 300 | @a普通高等教育“十五”国家级规划教材 “新世纪高等学校教育教学改革工程”项目 | |
| 330 | @a本书是根据大学德语教学大纲及《新编大学德语》教材编写的阅读辅助教材,共十个单元,每单元编排两篇阅读课文及练习,书后给出练习答案。 | |
| 510 | 1 | @aKlick auf Deutsch Lesetraining@h1-2@zger |
| 606 | 0 | @a德语@x阅读教学@x高等教育@j教学参考资料 |
| 606 | 0 | @a德语 |
| 606 | 0 | @a阅读教学 |
| 690 | @aH339.4@v4 | |
| 701 | 0 | @a朱建华@Azhu jian hua@c(德语)@4主编 |
| 801 | 0 | @aCN@bNLC@c20070805 |
| 905 | @dH339.4@e185:(1-2)@f1 | |
| 新编大学德语阅读训练.1~2/朱建华主编.-北京:外语教学与研究出版社,2004 |
| 124页:图;29cm |
| 普通高等教育“十五”国家级规划教材 “新世纪高等学校教育教学改革工程”项目 |
| ISBN 7-5600-4376-3:CNY9.90 |
| 本书是根据大学德语教学大纲及《新编大学德语》教材编写的阅读辅助教材,共十个单元,每单元编排两篇阅读课文及练习,书后给出练习答案。 |
| ● |
| 相关链接 |
|
|
|
|
正题名:新编大学德语阅读训练
索取号:H339.4/185:(1-2)
 
预约/预借
| 序号 | 登录号 | 条形码 | 馆藏地/架位号 | 状态 | 备注 |
| 1 | 0852174 | 208521740 | 第二样本阅览室/ [索取号:H339.4/185:(1-2)] | 在馆 |